Podpora startupov vo verejnom obstarávaní

Prečo prilákať startupy do verejného obstarávania? Startupy ako akcelerátory inovácií a verejní obstarávatelia ako akcelerátori startupov. Podpora startupov vo verejnom obstarávaní. Hodnota verejného obstarávania podľa sektorov s najvyššou koncentráciou startupov.

Na minha lista:
Detalhes bibliográficos
Autor principal: Tkáč, Juraj
Formato: Capítulo de Livro
Idioma:eslovaco
Assuntos:
Tags: Adicionar Tag
Sem tags, seja o primeiro a adicionar uma tag!

MARC

LEADER 00000naa a2200000 4500
001 0294328
005 20240417075240.4
041 0 |a slo 
044 |a SK 
245 1 0 |a Podpora startupov vo verejnom obstarávaní  |c Juraj Tkáč 
520 |a Prečo prilákať startupy do verejného obstarávania? Startupy ako akcelerátory inovácií a verejní obstarávatelia ako akcelerátori startupov. Podpora startupov vo verejnom obstarávaní. Hodnota verejného obstarávania podľa sektorov s najvyššou koncentráciou startupov. 
610 2 0 |a obstarávanie verejné 
610 2 0 |a start-up 
610 2 0 |a inovácia 
610 2 0 |a zákony 
610 2 0 |a Európska komisia 
100 1 |a Tkáč, Juraj